The transformation of LGBTQ+ relationships in Turkey from digital dating to digital violence
Purpose: This study aims at ascertaining the kinds of violence LGBTQ + individuals suffer in relationships formed via dating apps and how this violence arises, as well as the differences in coping based on age, ethnicity, and gender identity. Methods: The data for this qualitative study were collect...
| Main Author: | |
|---|---|
| Format: | Electronic Article |
| Language: | English |
| Published: |
2024
|
| In: |
Journal of family violence
Year: 2024, Volume: 39, Issue: 7, Pages: 1325-1336 |
| Online Access: |
Volltext (lizenzpflichtig) Volltext (lizenzpflichtig) |
| Check availability: | HBZ Gateway |
| Keywords: |
MARC
| LEADER | 00000naa a22000002c 4500 | ||
|---|---|---|---|
| 001 | 1940730988 | ||
| 003 | DE-627 | ||
| 005 | 20251110120654.0 | ||
| 007 | cr uuu---uuuuu | ||
| 008 | 251110s2024 xx |||||o 00| ||eng c | ||
| 024 | 7 | |a 10.1007/s10896-023-00663-y |2 doi | |
| 035 | |a (DE-627)1940730988 | ||
| 035 | |a (DE-599)KXP1940730988 | ||
| 040 | |a DE-627 |b ger |c DE-627 |e rda | ||
| 041 | |a eng | ||
| 084 | |a 2,1 |2 ssgn | ||
| 100 | 1 | |a Gümüş, Burcu |e VerfasserIn |0 (orcid)0000-0003-2643-2744 |4 aut | |
| 245 | 1 | 4 | |a The transformation of LGBTQ+ relationships in Turkey from digital dating to digital violence |c Burcu Gümüş |
| 264 | 1 | |c 2024 | |
| 336 | |a Text |b txt |2 rdacontent | ||
| 337 | |a Computermedien |b c |2 rdamedia | ||
| 338 | |a Online-Ressource |b cr |2 rdacarrier | ||
| 500 | |a Literaturverzeichnis: Seite 1335-1336 | ||
| 520 | |a Purpose: This study aims at ascertaining the kinds of violence LGBTQ + individuals suffer in relationships formed via dating apps and how this violence arises, as well as the differences in coping based on age, ethnicity, and gender identity. Methods: The data for this qualitative study were collected using 50 face-to-face in-depth interviews with LGBTQ + persons between the ages of 18-55 living in Istanbul. Results: Violence includes physical and sexual assault, hate speech, hate crime and romance fraud. Young people ages 18 to 24, trans women and of different ethnicities encountered more than one type of violence concurrently. Older people ages 42 to 55 more often experienced romance fraud, whereby they had to provide financial support to their partners despite not wanting to stay in the relationship. While coping strategies varied, trans women and LGBTQ + persons having different ethnic origins tended to accept and internalize their situations, primarily due to being marginalized by the healthcare services and law enforcement. Subjects ages 42 to 55 accepted the economic consequences of romance fraud since they felt there was no other way to have the relationship they desired. Conclusions: Age, ethnicity and gender identity were the major factors in the type and severity of violence arising in relationships formed via dating apps. Research shows that dating apps intrinsically do not spawn the violence directed at LGBTQ + people. Rather it is homophobic, transphobic or xenophobic state practices that lead to violence against the LGBTQ + community. | ||
| 650 | 4 | |a Dating apps | |
| 650 | 4 | |a Digital Violence | |
| 650 | 4 | |a IPV | |
| 650 | 4 | |a LGBTQ+ | |
| 650 | 4 | |a Turkey | |
| 650 | 4 | |a Victimization | |
| 773 | 0 | 8 | |i Enthalten in |t Journal of family violence |d Getzville, NY : HeinOnline, 1986 |g 39(2024), 7, Seite 1325-1336 |h Online-Ressource |w (DE-627)320574547 |w (DE-600)2016884-6 |w (DE-576)121465950 |x 1573-2851 |7 nnas |
| 773 | 1 | 8 | |g volume:39 |g year:2024 |g number:7 |g pages:1325-1336 |
| 856 | 4 | 0 | |u https://doi.org/10.1007/s10896-023-00663-y |x Resolving-System |z lizenzpflichtig |3 Volltext |7 1 |
| 856 | 4 | 0 | |u https://link.springer.com/article/10.1007/s10896-023-00663-y |x Verlag |z lizenzpflichtig |3 Volltext |7 1 |
| 951 | |a AR | ||
| ELC | |a 1 | ||
| LOK | |0 000 xxxxxcx a22 zn 4500 | ||
| LOK | |0 001 4801836410 | ||
| LOK | |0 003 DE-627 | ||
| LOK | |0 004 1940730988 | ||
| LOK | |0 005 20251110114224 | ||
| LOK | |0 008 251110||||||||||||||||ger||||||| | ||
| LOK | |0 040 |a DE-2619 |c DE-627 |d DE-2619 | ||
| LOK | |0 092 |o n | ||
| LOK | |0 852 |a DE-2619 | ||
| LOK | |0 852 1 |9 00 | ||
| LOK | |0 935 |a krzo | ||
| LOK | |0 939 |a 10-11-25 |b l01 | ||
| ORI | |a SA-MARC-krimdoka001.raw | ||
